Microelectronic circuits (Record no. 1329)

000 -LEADER
fixed length control field 00597nam a22002177a 4500
001 - CONTROL NUMBER
control field 1329
003 - CONTROL NUMBER IDENTIFIER
control field BD-DhUET
008 - FIXED-LENGTH DATA ELEMENTS--GENERAL INFORMATION
fixed length control field 140903b xxu||||| |||| 00| 0 eng d
020 ## - INTERNATIONAL STANDARD BOOK NUMBER
International Standard Book Number 0195680847
040 ## - CATALOGING SOURCE
Transcribing agency 0
Modifying agency BD-DhUET
082 ## - DEWEY DECIMAL CLASSIFICATION NUMBER
Classification number 623.8153
Item number SED/1982
100 ## - MAIN ENTRY--PERSONAL NAME
Personal name Sedra, Adel.S
245 ## - TITLE STATEMENT
Title Microelectronic circuits
Statement of responsibility, etc. by Adel S. Sedra and Kenneth C. Smith
250 ## - EDITION STATEMENT
Edition statement 5th ed.
260 ## - PUBLICATION, DISTRIBUTION, ETC. (IMPRINT)
Place of publication, distribution, etc. New York
Name of publisher, distributor, etc. Oxford University Press
Date of publication, distribution, etc. 1982
300 ## - PHYSICAL DESCRIPTION
Extent xxi, 1283 p.
Other physical details ill.
Dimensions 22 cm.
504 ## - BIBLIOGRAPHY, ETC. NOTE
Bibliography, etc Includes bibliographies
650 #0 - SUBJECT ADDED ENTRY--TOPICAL TERM
Topical term or geographic name as entry element Electronic-Circuits
700 ## - ADDED ENTRY--PERSONAL NAME
Personal name Smith, Kenneth C.
942 ## - ADDED ENTRY ELEMENTS (KOHA)
Koha item type General Book
Holdings
Piece designation (barcode) Koha item type Koha issues (times borrowed) Not for loan Source of classification or shelving scheme Damaged status Price effective from Koha out on loan Sublocation or collection (holding branch) Location (home branch) Date acquired Koha date last seen Copy number Koha renewals Koha date last borrowed Koha full call number Withdrawn status Shelving location Koha normalized classification for sorting Lost status
103871Guide Book9   2014-09-03 Central Library, BUETCentral Library, BUET2014-09-032022-05-22112021-12-21623.8153/SED/2004 Circulation section623_000000000000000_8153SED200 
103866General Book7   2014-09-032026-02-03Central Library, BUETCentral Library, BUET2007-05-282026-01-20212026-01-20623.8153/SED/2004 Circulation section623_815300000000000_SED_2004 
103867Guide Book13   2014-09-032022-12-06Central Library, BUETCentral Library, BUET2014-09-032022-11-223 2022-11-22623.8153/SED/2004 Circulation section623_000000000000000_8153SED200 
103868Guide Book2   2014-09-032017-02-26Central Library, BUETCentral Library, BUET2014-09-032016-02-274 2016-02-27623.8153/SED/2004 Circulation section623_000000000000000_8153SED200 
103870Guide Book12   2014-09-03 Central Library, BUETCentral Library, BUET2014-09-032024-06-025 2024-03-06623.8153/SED/2004 Circulation section623_000000000000000_8153SED200 
103873Guide Book13   2014-09-03 Central Library, BUETCentral Library, BUET2014-09-032025-09-08622025-08-24623.8153/SED/2004 Circulation section623_000000000000000_8153SED200 
103872Guide Book16   2014-09-032023-06-19Central Library, BUETCentral Library, BUET2014-09-032023-06-05812023-06-05623.8153/SED/2004 Circulation section623_000000000000000_8153SED200 
103874Guide Book18   2014-09-03 Central Library, BUETCentral Library, BUET2014-09-032025-10-189 2025-09-24623.8153/SED/2004 Circulation section623_000000000000000_8153SED200 
101693Guide Book5   2014-10-272021-02-09Central Library, BUETCentral Library, BUET2014-10-272020-02-1010 2020-02-10623.8153/SED/2004 Circulation section623_000000000000000_8153SED200 
107789General Book1   2014-11-29 Central Library, BUETCentral Library, BUET2014-11-292026-03-0811 2014-12-08623.8153/SED/1982 Circulation section623_815300000000000_SED_1982 
101692General Book10   2016-03-272025-05-13Central Library, BUETCentral Library, BUET2016-03-272025-04-2912 2025-04-29623.8153/SED/1982 Circulation section623_815300000000000_SED_1982